000
00287nam a2200121Ia 4500
008
220204s9999 xx 000 0 und d
082
_a
330.115
_b
DHR
100
_a
DHRYMES, Phoebus J
245
0
_a
Econometrics
260
_a
Singapore
_b
Time
_c
1970
650
_a
Econometrics
942
_c
BK
999
_c
23683
_d
23683